00313nam a22001337a 4500003000400000008004100004020001800045082001500063100001700078245003600095250001800131260002200149300000800171OSt250505b |||||||| |||| 00| 0 eng d a9789355422743 a006.31 NIE aNIELD,Thomas aEssential Math for Data Science a2nd Indian Ed aMumbaibSPDc2023 a332